000 00726nam a2200217 i 4500
001 51709
003 ES-MaACL
007 t|
008 030818s1983 sp ||||1| spa d
020 _a84-7088-323-2
100 1 _aDaniels, P. W.
_942636
245 1 0 _aMovimiento en ciudades
_b: transporte y tráfico urbanos /
_cP.W. Daniels y A.M. Warnes ; traducción de Santiago Téllez.
260 _aMadrid :
_bInstituto de Estudios de Administracion Local,
_c1983.
300 _a607 p. ;
_c22 cm.
490 1 _aNuevo urbanismo ;
_v37
700 1 _aWarnes, A.M.
_9116116
700 1 _aTéllez, Santiago.
_9109636
830 0 _aNuevo urbanismo ;
_v37
_9181984
852 _aES-MaACL
_jL-8556
_bR.108556
999 _c51709
_d51709